[Event "Gibraltar ChallWk2 11th"]
[Site "Gibraltar"]
[Date "2013.01.27"]
[Round "2.28"]
[White "Gonzalvez Perales, Jose Luis"]
[Black "Ramirez Dominguez, Agustin"]
[Result "1-0"]
[WhiteElo "1984"]
[BlackElo "2115"]
[PlyCount "45"]
[EventDate "2013.01.26"]
[EventType "swiss"]
[EventRounds "5"]
[EventCountry "GGB"]
[SourceTitle "BritBase"]
[Source "www.saund.co.uk"]
[SourceDate "2018.02.10"]
[SourceVersion "1"]
[SourceVersionDate "2018.02.10"]
[SourceQuality "1"]

1. e4 e5 2. Nf3 Nc6 3. Bb5 a6 4. Ba4 Nf6 5. O-O b5 6. Bb3 Be7 7. Re1 O-O 8. h3
d5 9. exd5 Nxd5 10. Nxe5 Nxe5 11. Rxe5 c6 12. d4 Bd6 13. Re1 Qh4 14. Nc3 Bxh3
15. Re4 Nxc3 16. Rxh4 Nxd1 17. Rxh3 Rae8 18. Kf1 Re4 19. Rd3 Rfe8 20. Rxd1 c5
21. dxc5 Be5 22. Be3 Rh4 23. g3 1-0

[Event "Gibraltar ChallWk2 11th"]
[Site "Gibraltar"]
[Date "2013.01.27"]
[Round "2.29"]
[White "Uran Bermudez, Oliver Kevin"]
[Black "Campos Calvo-Sotelo, Juan"]
[Result "0-1"]
[WhiteElo "2113"]
[BlackElo "1978"]
[PlyCount "64"]
[EventDate "2013.01.26"]
[EventType "swiss"]
[EventRounds "5"]
[EventCountry "GGB"]
[SourceTitle "BritBase"]
[Source "www.saund.co.uk"]
[SourceDate "2018.02.10"]
[SourceVersion "1"]
[SourceVersionDate "2018.02.10"]
[SourceQuality "1"]

1. e4 e6 2. d4 a6 3. Bd3 b5 4. f4 c5 5. c3 cxd4 6. cxd4 Nf6 7. Nf3 Bb7 8. e5
Nd5 9. O-O Qb6 10. Nc3 b4 11. Ne4 Nc6 12. Bb1 Be7 13. Kh1 h6 14. Qe2 O-O-O 15.
Be3 Nxe3 16. Qxe3 f5 17. Ned2 Kb8 18. Nc4 Qa7 19. a3 g5 20. axb4 gxf4 21. Qxf4
Bg5 22. Nxg5 hxg5 23. Qd2 Nxd4 24. Rd1 Nf3 25. Qd6+ Ka8 26. h3 Rxh3+ 27. gxh3
Nh4+ 28. Rd5 Bxd5+ 29. Qxd5+ exd5 30. Nd6 Qf2 31. Rxa6+ Kb8 32. Rb6+ Qxb6 0-1

[Event "Gibraltar ChallWk2 11th"]
[Site "Gibraltar"]
[Date "2013.01.27"]
[Round "2.30"]
[White "Samu, Sorin-Mihai"]
[Black "Petersen, Steffen"]
[Result "0-1"]
[WhiteElo "2095"]
[BlackElo "1964"]
[PlyCount "82"]
[EventDate "2013.01.26"]
[EventType "swiss"]
[EventRounds "5"]
[EventCountry "GGB"]
[SourceTitle "BritBase"]
[Source "www.saund.co.uk"]
[SourceDate "2018.02.10"]
[SourceVersion "1"]
[SourceVersionDate "2018.02.10"]
[SourceQuality "1"]

1. e4 e5 2. Nf3 Nc6 3. Bc4 Be7 4. c3 Nf6 5. d3 O-O 6. O-O d5 7. exd5 Nxd5 8.
Re1 Nf6 9. Nxe5 Nxe5 10. Rxe5 Bd6 11. Re2 Ng4 12. h3 Qh4 13. f4 Nf6 14. Qe1 Qh6
15. Qf1 Bd7 16. Na3 Rae8 17. Rxe8 Rxe8 18. Nb5 Qh4 19. Bd2 Bc5+ 20. d4 Bb6 21.
Be1 Qh5 22. g4 Nxg4 23. hxg4 Bxg4 24. Bd2 a6 25. Re1 Rd8 26. Na3 c5 27. Re5 Bf5
28. dxc5 Qg4+ 29. Qg2 Qd1+ 30. Be1 Bxc5+ 31. Rxc5 Qxe1+ 32. Bf1 Rd2 33. Qf3 Bg4
34. Nc4 h5 35. Qe3 Re2 36. Rc8+ Kh7 37. Qd3+ g6 38. Qxe2 Bxe2 39. Ne3 Bd3 40.
Re8 Bxf1 41. Nd5 Be2+ 0-1

[Event "Gibraltar ChallWk2 11th"]
[Site "Gibraltar"]
[Date "2013.01.27"]
[Round "2.31"]
[White "Schouten, Freek"]
[Black "Meyer, Thorlejf"]
[Result "1-0"]
[WhiteElo "2060"]
[BlackElo "1944"]
[PlyCount "51"]
[EventDate "2013.01.26"]
[EventType "swiss"]
[EventRounds "5"]
[EventCountry "GGB"]
[SourceTitle "BritBase"]
[Source "www.saund.co.uk"]
[SourceDate "2018.02.10"]
[SourceVersion "1"]
[SourceVersionDate "2018.02.10"]
[SourceQuality "1"]

1. d4 Nf6 2. c4 e6 3. Nc3 Bb4 4. Qc2 c5 5. e3 Nc6 6. Nf3 d5 7. a3 Bxc3+ 8. bxc3
b6 9. Bd3 cxd4 10. cxd4 Bb7 11. cxd5 Nxd5 12. O-O Rc8 13. Qb2 h6 14. e4 Nde7
15. d5 exd5 16. Qxg7 Rg8 17. Qh7 d4 18. Bc4 Qd6 19. Bxf7+ Kd7 20. Bxg8 Rxg8 21.
Qxh6 Ng6 22. Bg5 Qe6 23. Rfd1 Qg4 24. h3 Qxe4 25. Qh7+ Nce7 26. Rxd4+ 1-0

[Event "Gibraltar ChallWk2 11th"]
[Site "Gibraltar"]
[Date "2013.01.27"]
[Round "2.32"]
[White "Nwachukwu, Chino"]
[Black "Zanetti, Bruno"]
[Result "1/2-1/2"]
[WhiteElo "1962"]
[BlackElo "2030"]
[PlyCount "102"]
[EventDate "2013.01.26"]
[EventType "swiss"]
[EventRounds "5"]
[EventCountry "GGB"]
[SourceTitle "BritBase"]
[Source "www.saund.co.uk"]
[SourceDate "2018.02.10"]
[SourceVersion "1"]
[SourceVersionDate "2018.02.10"]
[SourceQuality "1"]

1. e4 c5 2. Nf3 Nc6 3. d4 cxd4 4. Nxd4 e5 5. Nb5 d6 6. N1c3 a6 7. Na3 Nf6 8.
Bg5 Be6 9. Nd5 Bxd5 10. exd5 Qa5+ 11. c3 Qxd5 12. Bxf6 Qxd1+ 13. Rxd1 gxf6 14.
Nc4 Rd8 15. Ne3 Ne7 16. Bc4 Bh6 17. Ng4 Bg7 18. Ne3 f5 19. O-O f4 20. Nd5 Nxd5
21. Bxd5 Rd7 22. Rfe1 Ke7 23. Rd4 Kf6 24. Rb4 b5 25. a4 Rb8 26. f3 Rc7 27. axb5
Rxb5 28. Rxb5 axb5 29. Kf2 Rc5 30. Rd1 Bf8 31. g3 fxg3+ 32. hxg3 h6 33. Ke3 Kg6
34. Bb3 f5 35. Bc2 Kf6 36. Bb3 Rc7 37. Rd5 Rc5 38. Rd1 Kg6 39. Bc2 b4 40. g4
bxc3 41. Bxf5+ Kg5 42. bxc3 Rxc3+ 43. Ke4 Rc4+ 44. Kd5 Rc3 45. Rd3 Rc5+ 46. Ke6
Rc7 47. Be4 h5 48. gxh5 Kxh5 49. Rd1 Kg5 50. Rg1+ Kf4 51. Rg8 Bg7 1/2-1/2

[Event "Gibraltar ChallWk2 11th"]
[Site "Gibraltar"]
[Date "2013.01.27"]
[Round "2.33"]
[White "Georgieva, Emilia"]
[Black "Ungureanu, Sandu"]
[Result "0-1"]
[WhiteElo "1949"]
[BlackElo "2019"]
[PlyCount "144"]
[EventDate "2013.01.26"]
[EventType "swiss"]
[EventRounds "5"]
[EventCountry "GGB"]
[SourceTitle "BritBase"]
[Source "www.saund.co.uk"]
[SourceDate "2018.02.10"]
[SourceVersion "1"]
[SourceVersionDate "2018.02.10"]
[SourceQuality "1"]

1. d4 c5 2. c3 cxd4 3. cxd4 Nf6 4. Nc3 g6 5. Nf3 Bg7 6. Bf4 O-O 7. e3 d5 8. Bd3
Nc6 9. a3 h6 10. h3 Bd7 11. g4 e6 12. Bd6 Re8 13. g5 hxg5 14. Qc2 Nh7 15. Be5
Nxe5 16. dxe5 Qc7 17. Bxg6 fxg6 18. Qxg6 Re7 19. h4 Be8 20. Qd3 g4 21. Ng5 Bxe5
22. O-O-O Bxc3 23. bxc3 Rc8 24. Kb2 Qc4 25. Qc2 Rc6 26. Rd4 Rb6+ 27. Kc1 Qb3
28. Rxg4 Qxc2+ 29. Kxc2 Nxg5 30. Rxg5+ Rg7 31. Rhg1 Rxg5 32. Rxg5+ Kf7 33. f4
Ba4+ 34. Kd3 Rb1 35. Kd4 Rd1+ 36. Ke5 Rd3 37. Rg3 Rxc3 38. h5 Bc2 39. h6 Bg6
40. Rh3 Rxa3 41. h7 Bxh7 42. Rxh7+ Kg6 43. Rh3 Ra6 44. Rg3+ Kf7 45. Rh3 Rb6 46.
Rh7+ Ke8 47. Rh6 Kf7 48. Rh7+ Kf8 49. Rh8+ Kg7 50. Ra8 Rb3 51. Kxe6 Rxe3+ 52.
Kxd5 a6 53. Ra7 Re7 54. Ra8 Kf6 55. Kc5 Re1 56. Kb6 Rb1+ 57. Ka7 b5 58. Kb6 Ra1
59. Rf8+ Ke7 60. Rb8 b4 61. Kc5 a5 62. Kc4 Ke6 63. Rb5 Ra3 64. Rb8 Kf5 65. Rf8+
Ke4 66. Re8+ Kxf4 67. Re2 b3 68. Kc3 a4 69. Re1 Ra2 70. Rb1 Ke4 71. Rd1 b2 72.
Rb1 a3 0-1

[Event "Gibraltar ChallWk2 11th"]
[Site "Gibraltar"]
[Date "2013.01.27"]
[Round "2.34"]
[White "Cichy, Michael"]
[Black "Gravett, Alan D"]
[Result "1-0"]
[WhiteElo "2014"]
[BlackElo "1869"]
[PlyCount "33"]
[EventDate "2013.01.26"]
[EventType "swiss"]
[EventRounds "5"]
[EventCountry "GGB"]
[SourceTitle "BritBase"]
[Source "www.saund.co.uk"]
[SourceDate "2018.02.10"]
[SourceVersion "1"]
[SourceVersionDate "2018.02.10"]
[SourceQuality "1"]

1. d4 Nf6 2. Nf3 c5 3. d5 d6 4. Nc3 g6 5. e4 Bg7 6. Bb5+ Bd7 7. a4 a6 8. Be2
O-O 9. h3 e6 10. Nd2 exd5 11. exd5 Re8 12. O-O Bf5 13. Bf3 Nh5 14. Nc4 Qh4 15.
Bg4 Bd4 16. Nxd6 Bxg4 17. Qxg4 1-0

[Event "Gibraltar ChallWk2 11th"]
[Site "Gibraltar"]
[Date "2013.01.27"]
[Round "2.35"]
[White "Perez Garcia, Alejandro"]
[Black "Gromovs, Sergejs"]
[Result "0-1"]
[WhiteElo "1938"]
[BlackElo "2001"]
[PlyCount "96"]
[EventDate "2013.01.26"]
[EventType "swiss"]
[EventRounds "5"]
[EventCountry "GGB"]
[SourceTitle "BritBase"]
[Source "www.saund.co.uk"]
[SourceDate "2018.02.10"]
[SourceVersion "1"]
[SourceVersionDate "2018.02.10"]
[SourceQuality "1"]

1. Nf3 h6 2. g3 g5 3. d4 Bg7 4. h4 g4 5. Nfd2 d5 6. Nb3 Bf5 7. Bg2 c6 8. O-O
Nd7 9. c3 Ngf6 10. N1d2 e5 11. Re1 e4 12. Nf1 O-O 13. Bf4 Nh5 14. Qc1 Qf6 15.
f3 exf3 16. exf3 Rfe8 17. fxg4 Bxg4 18. Ne3 Be6 19. Rf1 Qg6 20. Kh2 Ndf6 21.
Qb1 Ne4 22. Bxe4 dxe4 23. Nc5 Bc8 24. Qe1 b6 25. Nb3 Ba6 26. c4 c5 27. dxc5
Bxb2 28. Rd1 Be5 29. Bxe5 Rxe5 30. Rd6 Re6 31. Nd5 Bxc4 32. Ne7+ Rxe7 33. Rxg6+
fxg6 34. Rg1 e3 35. Qc3 b5 36. Nd4 Rf8 37. Re1 e2 38. c6 Nf6 39. c7 Ng4+ 40.
Kh3 Nf2+ 41. Kh2 Ng4+ 42. Kh3 Rxc7 43. Nxe2 Rf2 44. Qd4 Re7 45. Qxg4 Be6 46.
Nf4 Bxg4+ 47. Kxg4 Rxe1 48. Nd3 Re4+ 0-1

[Event "Gibraltar ChallWk2 11th"]
[Site "Gibraltar"]
[Date "2013.01.28"]
[Round "3.1"]
[White "Meszaros, Gyula"]
[Black "Elishev, Ivan"]
[Result "1-0"]
[WhiteElo "2248"]
[BlackElo "2185"]
[PlyCount "101"]
[EventDate "2013.01.26"]
[EventType "swiss"]
[EventRounds "5"]
[EventCountry "GGB"]
[SourceTitle "BritBase"]
[Source "www.saund.co.uk"]
[SourceDate "2018.02.10"]
[SourceVersion "1"]
[SourceVersionDate "2018.02.10"]
[SourceQuality "1"]

1. Nf3 Nf6 2. c4 g6 3. b3 Bg7 4. Bb2 O-O 5. g3 d5 6. Bg2 c6 7. O-O dxc4 8. bxc4
Qa5 9. Qb3 Nbd7 10. Nc3 Qh5 11. Qa3 Re8 12. h3 e5 13. g4 Nxg4 14. hxg4 Qxg4 15.
d3 f5 16. e4 f4 17. Ne2 Qh5 18. d4 g5 19. dxe5 Nf8 20. e6 Bxe6 21. Bxg7 Kxg7
22. Qa5 h6 23. Nxf4 Qf7 24. Nxe6+ Nxe6 25. Ne5 Qe7 26. Rad1 Rad8 27. Qxa7 Rxd1
28. Rxd1 Nc5 29. Ng4 Nxe4 30. Qd4+ Nf6 31. Nxf6 Qxf6 32. Qxf6+ Kxf6 33. Kf1 h5
34. Rd7 Rb8 35. Ke2 Ke5 36. Ke3 b5 37. c5 Ra8 38. Re7+ Kf6 39. Rc7 Ra3+ 40. Kd4
Ra4+ 41. Kd3 Ra3+ 42. Kd4 Ra4+ 43. Kc3 Rxa2 44. Bxc6 Rxf2 45. Bxb5 g4 46. Rc8
Ke5 47. Bc4 Rf3+ 48. Kb4 Rf6 49. Rh8 Rf5 50. Re8+ Kd4 51. c6 1-0

[Event "Gibraltar ChallWk2 11th"]
[Site "Gibraltar"]
[Date "2013.01.28"]
[Round "3.2"]
[White "Nikolaidis, Konstantinos"]
[Black "Janev, Pavel"]
[Result "0-1"]
[WhiteElo "2233"]
[BlackElo "2126"]
[PlyCount "98"]
[EventDate "2013.01.26"]
[EventType "swiss"]
[EventRounds "5"]
[EventCountry "GGB"]
[SourceTitle "BritBase"]
[Source "www.saund.co.uk"]
[SourceDate "2018.02.10"]
[SourceVersion "1"]
[SourceVersionDate "2018.02.10"]
[SourceQuality "1"]

1. e4 c5 2. Nf3 Nc6 3. d4 cxd4 4. Nxd4 Nf6 5. Nc3 e5 6. Ndb5 d6 7. Bg5 a6 8.
Na3 b5 9. Bxf6 gxf6 10. Nd5 f5 11. c3 Bg7 12. exf5 Bxf5 13. Nc2 O-O 14. Nce3
Be6 15. Bd3 Ne7 16. Nxe7+ Qxe7 17. Be4 Rad8 18. Qh5 h6 19. Bd5 f5 20. Qg6 Bxd5
21. Nxd5 Qf7 22. Qxf7+ Rxf7 23. Ke2 Rb7 24. Rhd1 Kf7 25. Rd2 e4 26. Nb4 Rb6 27.
Nd5 Rb7 28. Nb4 Be5 29. g3 Ra8 30. a4 a5 31. axb5 Rxb5 32. Nc6 a4 33. Nxe5+
dxe5 34. Ra2 Ke6 35. Kd1 f4 36. Kc1 Rd5 37. b4 Rxd2 38. Rxd2 a3 39. Kb1 f3 40.
Ka2 e3 41. fxe3 Kf5 42. b5 Ke4 43. c4 Kxe3 44. Rd5 Ke4 45. Rd2 Rf8 46. b6 f2
47. Rd1 f1=Q 48. Rxf1 Rxf1 49. Kxa3 Rb1 0-1

[Event "Gibraltar ChallWk2 11th"]
[Site "Gibraltar"]
[Date "2013.01.28"]
[Round "3.3"]
[White "Sanchez Botella, Luis Javier"]
[Black "Galvan, Jesus"]
[Result "1-0"]
[WhiteElo "2196"]
[BlackElo "2231"]
[PlyCount "93"]
[EventDate "2013.01.26"]
[EventType "swiss"]
[EventRounds "5"]
[EventCountry "GGB"]
[SourceTitle "BritBase"]
[Source "www.saund.co.uk"]
[SourceDate "2018.02.10"]
[SourceVersion "1"]
[SourceVersionDate "2018.02.10"]
[SourceQuality "1"]

1. d4 f5 2. Nf3 Nf6 3. c4 g6 4. g3 Bg7 5. Bg2 O-O 6. O-O d6 7. Nc3 Nc6 8. d5
Ne5 9. Nxe5 dxe5 10. c5 h6 11. Qb3 Kh8 12. Rd1 a6 13. Bd2 Rb8 14. Na4 Bd7 15.
Ba5 Qe8 16. Nc3 b6 17. c6 Bc8 18. a4 g5 19. Bb4 Ng8 20. Qc4 f4 21. Ne4 Qh5 22.
a5 Bh3 23. Bxh3 Qxh3 24. axb6 g4 25. Ra3 f3 26. exf3 gxf3 27. Qf1 Qg4 28. Re3
Rxb6 29. Bc3 Rb5 30. h3 Qg6 31. Kh2 Rf5 32. g4 Rf4 33. Ng3 Nf6 34. Bxe5 Rfb4
35. Kg1 h5 36. Bxf6 Bxf6 37. Nxh5 Bh4 38. Rxf3 Rxb2 39. Ng3 Bf6 40. Rf5 Ra2 41.
Qd3 Rbb2 42. Rf1 Kg8 43. Qe4 Rd2 44. Qe6+ Kh7 45. Rh5+ Kg7 46. Nf5+ Kf8 47.
Rh8+ 1-0

[Event "Gibraltar ChallWk2 11th"]
[Site "Gibraltar"]
[Date "2013.01.28"]
[Round "3.4"]
[White "Osuna Vega, Enrique"]
[Black "Varga, Klara"]
[Result "1/2-1/2"]
[WhiteElo "2157"]
[BlackElo "2207"]
[PlyCount "91"]
[EventDate "2013.01.26"]
[EventType "swiss"]
[EventRounds "5"]
[EventCountry "GGB"]
[SourceTitle "BritBase"]
[Source "www.saund.co.uk"]
[SourceDate "2018.02.10"]
[SourceVersion "1"]
[SourceVersionDate "2018.02.10"]
[SourceQuality "1"]

1. d4 e6 2. Nf3 Nf6 3. c3 c5 4. e3 Be7 5. Bd3 cxd4 6. exd4 O-O 7. O-O a6 8. Re1
d6 9. Nbd2 Nbd7 10. Qe2 Re8 11. Ne4 Nf8 12. Nxf6+ Bxf6 13. Bf4 b6 14. Be4 Ra7
15. Rad1 Qe7 16. h3 Bd7 17. Be3 Rb8 18. Nh2 Bg5 19. Qd2 Bxe3 20. Rxe3 Qh4 21.
Rde1 b5 22. Rg3 Ng6 23. Nf3 Qf6 24. Ng5 Be8 25. h4 Nf8 26. h5 h6 27. Nh3 Rc7
28. Ree3 Qh4 29. Qe2 f5 30. Bxf5 exf5 31. Rxe8 Rxe8 32. Qxe8 Re7 33. Qc6 Qxh5
34. Rf3 Ng6 35. Qc8+ Kh7 36. Qxf5 Re1+ 37. Kh2 Qxf5 38. Rxf5 Re2 39. a4 Rxb2
40. axb5 axb5 41. Rd5 Rb3 42. g3 Rxc3 43. Rxb5 Rd3 44. Rd5 Ne5 45. Rxd6 Rxd4
46. Rxd4 1/2-1/2

[Event "Gibraltar ChallWk2 11th"]
[Site "Gibraltar"]
[Date "2013.01.28"]
[Round "3.5"]
[White "O'Toole, George E"]
[Black "Sevillano Garcia, Joaquin"]
[Result "1-0"]
[WhiteElo "2204"]
[BlackElo "1983"]
[PlyCount "45"]
[EventDate "2013.01.26"]
[EventType "swiss"]
[EventRounds "5"]
[EventCountry "GGB"]
[SourceTitle "BritBase"]
[Source "www.saund.co.uk"]
[SourceDate "2018.02.10"]
[SourceVersion "1"]
[SourceVersionDate "2018.02.10"]
[SourceQuality "1"]

1. e4 e6 2. d4 d5 3. Nd2 Nf6 4. e5 Nfd7 5. Ngf3 c5 6. c3 Nc6 7. Bd3 cxd4 8.
cxd4 f6 9. O-O fxe5 10. Nxe5 Ndxe5 11. dxe5 g6 12. Nf3 Bg7 13. Re1 O-O 14. Rb1
Bd7 15. b4 b6 16. b5 Na5 17. Ng5 h6 18. Bxg6 hxg5 19. Qh5 Rf5 20. Qh7+ Kf8 21.
Bxf5 exf5 22. e6 Qe7 23. Qxf5+ 1-0

[Event "Gibraltar ChallWk2 11th"]
[Site "Gibraltar"]
[Date "2013.01.28"]
[Round "3.6"]
[White "Pinho, Paulo"]
[Black "Sanchez Jerez, Emilio Miguel"]
[Result "1-0"]
[WhiteElo "2128"]
[BlackElo "2203"]
[PlyCount "93"]
[EventDate "2013.01.26"]
[EventType "swiss"]
[EventRounds "5"]
[EventCountry "GGB"]
[SourceTitle "BritBase"]
[Source "www.saund.co.uk"]
[SourceDate "2018.02.10"]
[SourceVersion "1"]
[SourceVersionDate "2018.02.10"]
[SourceQuality "1"]

1. d4 Nf6 2. c4 d6 3. Nf3 g6 4. Nc3 Bf5 5. Qb3 b6 6. g3 Nc6 7. Bg2 Bg7 8. Qa4
Bd7 9. Qd1 O-O 10. O-O Rb8 11. b3 a6 12. a4 Nb4 13. Bb2 c5 14. h3 Qc8 15. Kh2
Bf5 16. Rc1 Ne4 17. Nd5 Nxd5 18. cxd5 Qb7 19. Nd2 Nxd2 20. Qxd2 Bd7 21. Rc2
cxd4 22. Bxd4 Bxd4 23. Qxd4 Rfc8 24. Rfc1 Rc5 25. Qe3 Bf5 26. Rc4 Qc7 27. Qh6
e5 28. Qh4 Qd8 29. Qh6 Qe7 30. b4 Rxc4 31. Rxc4 Bd7 32. Qc1 Qd8 33. Rc6 Bxc6
34. dxc6 Rc8 35. Bd5 b5 36. a5 Qc7 37. Qh6 Qe7 38. Qe3 Rb8 39. Qh6 Qa7 40. Kg2
Qd4 41. e4 Qxb4 42. c7 Re8 43. Qc1 Rc8 44. Bb7 d5 45. Bxc8 Qxe4+ 46. Kg1 d4 47.
Bb7 1-0

[Event "Gibraltar ChallWk2 11th"]
[Site "Gibraltar"]
[Date "2013.01.28"]
[Round "3.7"]
[White "Olhovik, Andrei"]
[Black "Jaunooby, Ali R"]
[Result "1-0"]
[WhiteElo "2246"]
[BlackElo "2178"]
[PlyCount "117"]
[EventDate "2013.01.26"]
[EventType "swiss"]
[EventRounds "5"]
[EventCountry "GGB"]
[SourceTitle "BritBase"]
[Source "www.saund.co.uk"]
[SourceDate "2018.02.10"]
[SourceVersion "1"]
[SourceVersionDate "2018.02.10"]
[SourceQuality "1"]

1. d4 Nf6 2. c4 c5 3. d5 e6 4. Nc3 exd5 5. cxd5 d6 6. Nf3 g6 7. Bf4 a6 8. a4
Bg7 9. h3 Qe7 10. e3 O-O 11. Be2 Nh5 12. Bh2 f5 13. O-O f4 14. exf4 Nxf4 15.
Re1 Nd7 16. Bf1 Ne5 17. Kh1 Qd8 18. Nxe5 Bxe5 19. Qd2 b6 20. Re3 Ra7 21. Rae1
Raf7 22. Rf3 g5 23. Re4 Rf6 24. Nd1 Qe8 25. Ne3 Qg6 26. Rxe5 dxe5 27. Nc4 e4
28. Re3 b5 29. axb5 axb5 30. Ne5 Qf5 31. Nc6 Re8 32. Bxb5 Nxd5 33. g4 Qd7 34.
Bc4 Rxf2 35. Bxd5+ Kg7 36. Qxf2 Qxd5 37. Na5 c4 38. Qe1 Rf8 39. Qc3+ Kg6 40.
Nxc4 Qd1+ 41. Bg1 Rf1 42. Rg3 e3 43. Ne5+ Kf6 44. Nf3+ Kg6 45. Qxc8 Rxf3 46.
Qc6+ Rf6 47. Qe4+ Kh6 48. Qxe3 Qd5+ 49. Kh2 Re6 50. Qd3 Qe5 51. Bd4 Qf4 52. Be3
Qe5 53. Qc3 Qe4 54. h4 Rc6 55. Bxg5+ Kg6 56. Qd3 Rc2+ 57. Kh3 Qxd3 58. Rxd3
Rxb2 59. Rd6+ 1-0

[Event "Gibraltar ChallWk2 11th"]
[Site "Gibraltar"]
[Date "2013.01.28"]
[Round "3.8"]
[White "Becham, Khalid"]
[Black "Storey, Charles H"]
[Result "1/2-1/2"]
[WhiteElo "1929"]
[BlackElo "2245"]
[PlyCount "201"]
[EventDate "2013.01.26"]
[EventType "swiss"]
[EventRounds "5"]
[EventCountry "GGB"]
[SourceTitle "BritBase"]
[Source "www.saund.co.uk"]
[SourceDate "2018.02.10"]
[SourceVersion "1"]
[SourceVersionDate "2018.02.10"]
[SourceQuality "1"]

1. e4 g6 2. d4 Bg7 3. c4 c5 4. Nf3 cxd4 5. Nxd4 Nc6 6. Nc2 d6 7. Be2 Be6 8. O-O
Nf6 9. Nc3 Nd7 10. Bd2 O-O 11. Rc1 Nc5 12. f3 a5 13. b3 f5 14. exf5 gxf5 15. f4
Bd7 16. Kh1 e6 17. Be1 Be8 18. Bf3 Ne7 19. Nd4 Ng6 20. Qd2 Bh6 21. Nde2 Qe7 22.
Rd1 Rd8 23. Bf2 b6 24. Nb5 d5 25. Bxc5 Qxc5 26. Nbc3 d4 27. Nxd4 Bxf4 28. Qf2
Bf7 29. g3 Be5 30. Ndb5 Qb4 31. Qxb6 Rxd1 32. Nxd1 f4 33. Kg2 fxg3 34. hxg3
Qd2+ 35. Qf2 Qg5 36. Kh2 Be8 37. Qe1 Nh4 38. Nd4 Bxd4 39. gxh4 Be5+ 40. Kh1 Qf4
41. Qf2 Bg6 42. Bc6 Qxf2 43. Rxf2 Rd8 44. Bf3 Bg3 45. Rg2 Bxh4 46. c5 Rd3 47.
Be2 Rd5 48. Nc3 Rxc5 49. Bc4 Kf7 50. Re2 Bf5 51. Ne4 Rc7 52. Nd6+ Kg6 53. Bxe6
Bd3 54. Rd2 Bb1 55. Bc4 Rc5 56. Bd3+ Bxd3 57. Rxd3 Rc2 58. a4 Be7 59. Nc4 Bb4
60. Rd5 h5 61. Nxa5 h4 62. Nc4 h3 63. a5 Ra2 64. Ne5+ Kf6 65. Nc6 Be1 66. b4
Bg3 67. Rd1 Rh2+ 68. Kg1 Rg2+ 69. Kh1 Rh2+ 70. Kg1 Rg2+ 71. Kf1 Bc7 72. b5 Rb2
73. Kg1 Rxb5 74. a6 Rb2 75. Kh1 Rh2+ 76. Kg1 Ra2 77. a7 Bg3 78. Kh1 Kg5 79. Kg1
Kf4 80. Nd4 Bf2+ 81. Kh1 Rxa7 82. Ne2+ Kf3 83. Ng1+ Kg4 84. Ne2 Ra2 85. Ng1 Be3
86. Re1 Bf2 87. Rd1 Be3 88. Re1 Bf4 89. Ne2 Be5 90. Nc1 Rh2+ 91. Kg1 Rg2+ 92.
Kh1 Rh2+ 93. Kg1 Rd2 94. Rxe5 Rd1+ 95. Kh2 Rxc1 96. Re4+ Kf3 97. Re8 Rc6 98.
Rf8+ Kg4 99. Rg8+ Kf3 100. Rf8+ Kg4 101. Rg8+ 1/2-1/2

[Event "Gibraltar ChallWk2 11th"]
[Site "Gibraltar"]
[Date "2013.01.28"]
[Round "3.9"]
[White "Dolzhikova, Olga"]
[Black "Hutton, Jack"]
[Result "1/2-1/2"]
[WhiteElo "2239"]
[BlackElo "2017"]
[PlyCount "80"]
[EventDate "2013.01.26"]
[EventType "swiss"]
[EventRounds "5"]
[EventCountry "GGB"]
[SourceTitle "BritBase"]
[Source "www.saund.co.uk"]
[SourceDate "2018.02.10"]
[SourceVersion "1"]
[SourceVersionDate "2018.02.10"]
[SourceQuality "1"]

1. e4 e6 2. d4 d5 3. e5 c5 4. c3 Nc6 5. Nf3 Qb6 6. a3 Nh6 7. b4 cxd4 8. cxd4
Nf5 9. Be3 f6 10. exf6 gxf6 11. Nc3 Nxe3 12. fxe3 Bd7 13. Na4 Qd8 14. Nc5 Bxc5
15. dxc5 O-O 16. Bd3 e5 17. Bc2 Kg7 18. Bb3 Ne7 19. e4 Be6 20. O-O Kh8 21. Nh4
Qd7 22. exd5 Bxd5 23. Bxd5 Nxd5 24. Qh5 Nf4 25. Rad1 Qg7 26. Qf3 Qg5 27. g3
Rad8 28. Kh1 Rxd1 29. Rxd1 Nh3 30. Rf1 Qd2 31. Qg2 Qd7 32. Nf5 Ng5 33. Nd6 b6
34. Rd1 bxc5 35. bxc5 Qg4 36. Rc1 Qd4 37. Nf5 Qd3 38. Ne7 Qxa3 39. Qc2 Qf3+ 40.
Qg2 Qa3 1/2-1/2

[Event "Gibraltar ChallWk2 11th"]
[Site "Gibraltar"]
[Date "2013.01.28"]
[Round "3.10"]
[White "Barrenechea Bahamonde, Gustavo"]
[Black "Lochte, Szilvia"]
[Result "1/2-1/2"]
[WhiteElo "2211"]
[BlackElo "1923"]
[PlyCount "78"]
[EventDate "2013.01.26"]
[EventType "swiss"]
[EventRounds "5"]
[EventCountry "GGB"]
[SourceTitle "BritBase"]
[Source "www.saund.co.uk"]
[SourceDate "2018.02.10"]
[SourceVersion "1"]
[SourceVersionDate "2018.02.10"]
[SourceQuality "1"]

1. e4 c5 2. Nf3 e6 3. d4 cxd4 4. Nxd4 a6 5. Nc3 Qc7 6. Qf3 Nf6 7. Bg5 Be7 8.
O-O-O Nc6 9. Be2 Nxd4 10. Rxd4 Qe5 11. Be3 b5 12. Rhd1 Bb7 13. Bf4 Qc5 14. Qg3
Rc8 15. Be3 Qc7 16. Qxc7 Rxc7 17. Bf4 Rc5 18. e5 Nd5 19. Bd2 Nxc3 20. Bxc3 Rxe5
21. Rxd7 Bg5+ 22. f4 Rxe2 23. fxg5 Bd5 24. Rc7 O-O 25. Bb4 Ra8 26. Rd7 h6 27.
Rf1 Rxg2 28. Rfxf7 Rxg5 29. Bc3 e5 30. Rfe7 Bc6 31. Rd6 Bf3 32. Bxe5 Rg1+ 33.
Kd2 Rd1+ 34. Kc3 Rxd6 35. Bxd6 Bh5 36. Be5 Re8 37. Rxe8+ Bxe8 38. b4 g6 39. Kd4
h5 1/2-1/2

[Event "Gibraltar ChallWk2 11th"]
[Site "Gibraltar"]
[Date "2013.01.28"]
[Round "3.11"]
[White "Kozarcanin, Sead"]
[Black "Vea, Odin Blikra"]
[Result "1/2-1/2"]
[WhiteElo "2090"]
[BlackElo "2233"]
[PlyCount "106"]
[EventDate "2013.01.26"]
[EventType "swiss"]
[EventRounds "5"]
[EventCountry "GGB"]
[SourceTitle "BritBase"]
[Source "www.saund.co.uk"]
[SourceDate "2018.02.10"]
[SourceVersion "1"]
[SourceVersionDate "2018.02.10"]
[SourceQuality "1"]

1. e4 d5 2. exd5 Nf6 3. Nf3 Nxd5 4. d4 g6 5. Bc4 Bg7 6. c3 O-O 7. O-O Nc6 8.
Re1 Nb6 9. Bd3 Bg4 10. h3 Bxf3 11. Qxf3 e5 12. Bb5 exd4 13. Bxc6 bxc6 14. Qxc6
Re8 15. Qxe8+ Qxe8 16. Rxe8+ Rxe8 17. Kf1 c5 18. cxd4 cxd4 19. a4 Nc4 20. Nd2
Ne5 21. b3 Rc8 22. Ba3 Rc2 23. Rc1 d3 24. Rxc2 dxc2 25. Ke2 Nc6 26. Nc4 Nd4+
27. Kd3 Bf8 28. Bb2 Nxb3 29. Kxc2 Nc5 30. a5 f5 31. Ne5 Nb7 32. Bc3 Bd6 33. Nc6
Bc5 34. a6 Nd6 35. f3 Kf7 36. Bd4 Bxd4 37. Nxd4 Ke7 38. Kb3 Nc8 39. Kc4 Kd6 40.
f4 Nb6+ 41. Kb5 Nd5 42. Ka5 Nxf4 43. Nb5+ Kc5 44. Nxa7 Nxg2 45. Nb5 Ne3 46. a7
Nc4+ 47. Ka6 Nb6 48. Nd4 f4 49. Ne6+ Kc6 50. Nd8+ Kc7 51. Ne6+ Kc6 52. Nd8+ Kc7
53. Ne6+ Kc6 1/2-1/2